Communication skills (Record no. 751)

MARC details
000 -LEADER
Fixed length control field 00502nam a2200169 4500
003 - CONTROL NUMBER IDENTIFIER
Control field SEACOMMC
005 - DATE AND TIME OF LATEST TRANSACTION
Control field 20250425111508.0
008 - FIXED-LENGTH DATA ELEMENTS--GENERAL INFORMATION
Fixed length control field 241114b |||||||| |||| 00| 0 eng d
020 ## - INTERNATIONAL STANDARD BOOK NUMBER / ISBN
International Standard Book Number 978-81-20333-01-7
Price Rs.150.00
040 ## - CATALOGING SOURCE
Original cataloging agency SEACOMMC
082 ## - DEWEY DECIMAL CLASSIFICATION NUMBER
Classification number 428.2
Book Number L 474
100 ## - MAIN ENTRY--PERSONAL NAME
Personal name Sen, Leena
245 1# - TITLE STATEMENT
Title Communication skills
Statement of responsibility Leena Sen
260 ## - IMPRINT
Place of publication New Delhi
Name of publisher Prentice Hall of India
Date of publication 2004
650 ## - SUBJECT ADDED ENTRY--TOPICAL TERM
Topical term Listening. Public speaking Commercial correspondence Business communication
942 ## - ADDED ENTRY ELEMENTS (KOHA)
Koha item type Books
Holdings
Withdrawn status Lost status Source of classification Damaged status Not for loan Home library Current library Shelving location Date acquired Total Checkouts Call number Accession number Date last seen Price effective from Koha item type Copy number
    Dewey Decimal Classification     SEACOM MANAGEMENT COLLEGE SEACOM MANAGEMENT COLLEGE Reference 15/11/2007   428.2 L 474 M-879 14/11/2024 14/11/2024 Books  
    Dewey Decimal Classification     SEACOM MANAGEMENT COLLEGE SEACOM MANAGEMENT COLLEGE   15/11/2007   428.2 L 474 M-880 14/11/2024 14/11/2024 Books 1
    Dewey Decimal Classification     SEACOM MANAGEMENT COLLEGE SEACOM MANAGEMENT COLLEGE   15/11/2007   428.2 L 474 M-881 14/11/2024 14/11/2024 Books 2
    Dewey Decimal Classification     SEACOM MANAGEMENT COLLEGE SEACOM MANAGEMENT COLLEGE   15/11/2007   428.2 L 474 M-882 14/11/2024 14/11/2024 Books 3
    Dewey Decimal Classification     SEACOM MANAGEMENT COLLEGE SEACOM MANAGEMENT COLLEGE   15/11/2007   428.2 L 474 M-883 14/11/2024 14/11/2024 Books 4
© Seacom Engineering College, All rights reserved.    Powered by Koha